000 01295nam a22003497a 4500
003 CHAP
005 20220329143615.0
008 100903s2007 mx r 00010 spa d
010 _a99187
011 _a100159
035 _a110845
040 _cCHAP
090 _aTesis
100 1 _aManzo Antúnez, Getzemany.
_970840
245 1 0 _aPlacenta previa e infección de vias urinarias en el embarazo tratadas con Reiki, terapia con arbol y masaje zen
_c/por Getzemany Manzo Antúnez
260 _aChapingo, Méx. :
_bEl autor,
_c2007
300 _a58 h. :
_bilus.
502 _aTesis (Diplomado en Master Reiki) -- UACH. Centro de Educación Continua
590 _aALEPH
_b10
_c20130110
_lUCH01
_h1535
590 _aBATCH-UPD
_b10
_c20130110
_lUCH01
_h1211
590 _aBATCH-UPD
_b10
_c20130410
_lUCH01
_h0749
590 _aBATCH-UPD
_b10
_c20130914
_lUCH01
_h0325
590 _aCONVERSION
_b10
_c20130109
_lUCH01
_h1355
650 1 4 _aAnatomía.
_95490
650 1 4 _aEnfermedades del tracto urinario.
_936934
650 1 4 _aMedicina alternativa.
_973914
650 1 4 _aMujer
_xreproducción.
_979326
901 _aBK
942 _cFOLL
949 _aTesis
_bBC
_cTES
_d33724002074603
_eTS1
_gDonaciØn
_h51032
_i110845
_sb
949 _aTesis
_bBC
_cTES
_d33724002074644
_eTS2
_fc.2
_gDonaciØn
_h51033
_i110845
_sb
999 _c99187
_d99187